Online Catalogue and eLibrary

Upholding the Common Life: (Record no. 1599)

MARC details
000 -LEADER
fixed length control field 00461nam a2200181Ia 4500
005 - DATE AND TIME OF LATEST TRANSACTION
control field 20250117023434.0
008 - FIXED-LENGTH DATA ELEMENTS--GENERAL INFORMATION
fixed length control field 240331s9999 xx 000 0 und d
020 ## - INTERNATIONAL STANDARD BOOK NUMBER
ISBN 0195643739
082 ## - DDC Classification
Item Number - Author Mark PAR
DDC Edition Number 2640
Class No. 305.3
100 ## - MAIN ENTRY--PERSONAL NAME
Personal name Mukta, P
245 #0 - TITLE STATEMENT
Title Upholding the Common Life:
Remainder of title The Community of Mirabai
260 ## - PUBLICATION, DISTRIBUTION, ETC.
Place of publication, distribution, etc. Delhi
Name of publisher, distributor, etc. Oxford University Press
Date of publication, distribution, etc. 1994
300 ## - PHYSICAL DESCRIPTION
Extent (e.g. Volumes, Pages etc.) ixx, 269 p.,
650 ## - SUBJECT ADDED ENTRY--TOPICAL TERM
Topical term or geographic name entry element Community
650 ## - SUBJECT ADDED ENTRY--TOPICAL TERM
Topical term or geographic name entry element History
650 ## - SUBJECT ADDED ENTRY--TOPICAL TERM
Topical term or geographic name entry element Women
942 ## - Koha item type (Biblio)
Koha item type Books in Stacks (Lending)
Holdings
Lost status Damaged status Collection code Home library Current library Shelving location Date acquired Full call number Accession Number Item type
    Lending WERC Library WERC Library Social Science Cupboard 03/31/2024 305.3 MUK 2640 Books in Stacks (Lending)

© WERC Library